000 00538nam a2200145Ia 4500
008 151213s9999 xx 000 0 und d
100 _aআলাউদ্দীন আল আজাদ।
245 _aসাহিত্যেও আগন্তুক ঋতু।
_cআলাউদ্দীন আল আজাদ।
260 _aঢাকা
_bমুক্তধারা
_c1974
300 _a8469 p.
650 _aBangla
650 _aBengali Literature
700 _aআলাউদ্দীন আল আজাদ।
999 _c4307
_d4307